| 000 | 007040000a22001210004500 | ||
|---|---|---|---|
| 100 | 1 | _aBardisa, Teresa. | |
| 245 | 1 | 0 | _aAnálisis de prácticas escolares. Para interpretar la convivencia escolar. |
| 300 | _ano.44 (may. - jun., 2010),p, 50-58 | ||
| 520 | _aEn este artículo presentamos un modelo para abordar el análisis de la convivencia en los centros y un apartado de la guía didáctica, en la que se describe mediante un ejemplo, el análisis de una práctica escolar concreta, del curso de experto Universitario en convivencia social en línea que compartimos en la UNED. | ||
| 650 | 1 | 4 | _aEDUCACION - ASPECTOS SOCIALES |
| 773 | 0 | _tRevista internacional magisterio : educación y ped | |
| 942 | _cANA | ||
| 999 |
_c63009 _d63009 |
||